Sports Quiz

Random Sports or Soccer Quiz

International Football XIs: Brazil Quiz Stats

 Plays Quiz Updated Nov 19, 2016

Challenge
Share
Tweet
Embed
Score 0/253 Timer 20:00
3 Plays Today
% Correct
Ronaldo
96.5%
Ronaldo
96.5%
Ronaldo
96.5%
Ronaldo
96.5%
Ronaldo
96.5%
Ronaldo
96.5%
Ronaldo
96.5%
Ronaldo
96.5%
Ronaldo
96.5%
Neymar
95.8%
Neymar
95.7%
Neymar
95.4%
Neymar
95.4%
Neymar
94.4%
Neymar
94.2%
Neymar
94.2%
Ronaldinho
93.6%
Ronaldinho
93.6%
Ronaldinho
93.6%
Ronaldinho
93.6%
Ronaldinho
93.6%
Ronaldinho
93.6%
Thiago Silva
92%
Thiago Silva
90.7%
Thiago Silva
89%
Thiago Silva
88.6%
Thiago Silva
88.6%
David Luiz
87.3%
Roberto Carlos
87%
Roberto Carlos
87%
Roberto Carlos
87%
Roberto Carlos
87%
Roberto Carlos
87%
Roberto Carlos
87%
Roberto Carlos
87%
Roberto Carlos
87%
Roberto Carlos
87%
Roberto Carlos
87%
David Luiz
86.6%
Júlio César
86.4%
Júlio César
86.4%
Júlio César
86.4%
Júlio César
86.4%
Júlio César
86.4%
Júlio César
85.9%
Júlio César
85.8%
David Luiz
85%
Rivaldo
84.8%
Rivaldo
84.8%
Rivaldo
84.8%
Rivaldo
84.8%
Rivaldo
84.8%
Gilberto Silva
84.6%
Gilberto Silva
84.6%
Gilberto Silva
84.6%
Gilberto Silva
84.6%
Gilberto Silva
84.6%
Gilberto Silva
84.6%
Gilberto Silva
84.6%
Cafu
84.2%
Cafu
84.2%
Cafu
84.2%
Cafu
84.2%
Cafu
84.2%
Cafu
84.2%
Cafu
84.2%
Cafu
84.2%
Cafu
84.2%
David Luiz
83.5%
David Luiz
83.5%
Dani Alves
83.2%
Dida
83%
Dida
83%
Dida
83%
Dida
83%
Dida
83%
Dida
83%
Dani Alves
82.2%
Kaká
82%
Kaká
82%
Kaká
82%
Kaká
82%
Kaká
82%
Kaká
82%
Dani Alves
81.4%
% Correct
Dani Alves
80.3%
Dani Alves
80.3%
Dani Alves
80.3%
Marcelo
79.4%
Fred
78.9%
André Luiz
78.1%
Philippe Coutinho
77.8%
Antônio Carlos Zago
77.8%
Antônio Carlos Zago
77.8%
Fred
77.6%
Marcelo
76.7%
Robinho
76%
Robinho
76%
Robinho
76%
Robinho
76%
Robinho
76%
Robinho
76%
Robinho
76%
Marcelo
75.5%
Gabriel Jesus
73.9%
Diego Alves
73.8%
Romário
73.5%
Lúcio
72.1%
Lúcio
72.1%
Lúcio
72.1%
Lúcio
72.1%
Lúcio
72.1%
Lúcio
72.1%
Lúcio
72.1%
Lúcio
72.1%
Lúcio
72.1%
Lúcio
72.1%
Paulinho
72.1%
Oscar
71.8%
Philippe Coutinho
71.7%
Oscar
70.9%
Oscar
70.2%
Hulk
70%
Hulk
69.7%
Hulk
68.7%
Filipe Luís
68.5%
Willian
68.2%
Alisson
67.4%
Willian
67%
Filipe Luís
65.9%
Willian
65.6%
Fernandinho
65.6%
Adriano
64.3%
Marquinhos
63.5%
Gabriel Jesus
63.3%
Maicon
63.1%
Maicon
63.1%
Maicon
63.1%
Maicon
63.1%
Fernandinho
62.9%
Cláudio Taffarel
62.8%
Cláudio Taffarel
62.8%
Cláudio Taffarel
62.8%
Dunga
62.7%
Dunga
62.7%
Dunga
62.7%
Zé Roberto
62.2%
Zé Roberto
62.2%
Zé Roberto
62.2%
Zé Roberto
62.2%
Zé Roberto
62.2%
Paulinho
60.6%
João Miranda
60.1%
Casemiro
59.3%
Paulinho
59.3%
Paulinho
56.9%
Marquinhos
56.6%
Juninho Paulista
56.6%
Juninho Pernambucano
56.1%
Douglas Costa
52.4%
João Miranda
51.5%
Luis Fabiano
51%
Luis Fabiano
51%
Luis Fabiano
51%
Luis Fabiano
51%
Ramires
51%
Ramires
51%
Alisson
50.8%
Juan
50.5%
Juan
50.5%
% Correct
Juan
50.5%
Juan
50.5%
Juan
50.5%
Juan
50.5%
Juan
50.5%
Roque Júnior
50.4%
Roque Júnior
50.4%
Roque Júnior
50.4%
Emerson
49.4%
Emerson
49.4%
Emerson
49.4%
Emerson
49.4%
Emerson
49.4%
Luiz Gustavo
48.3%
Luiz Gustavo
47.4%
João Miranda
46.8%
Denilson
45.9%
Denilson
45.9%
Luiz Gustavo
45.8%
Júnior Baiano
45.7%
Lucas Leiva
45.7%
Edmilson
45.5%
Edmilson
45.5%
Kléberson
45.4%
Renato Augusto
44.7%
Marcos
42.6%
Marcos
42.6%
Gilberto
40.4%
Aldair
39.2%
Aldair
39.2%
Aldair
39.2%
Aldair
39.2%
Leonardo
36.1%
Elano
35.8%
Elano
35.8%
Diego
34.7%
Renato Augusto
34.7%
André Santos
34.4%
André Santos
34.4%
Jefferson
33.2%
Felipe Melo
32.7%
Felipe Melo
32.7%
Luisão
30.2%
Luisão
30.2%
Luisão
30.2%
César Sampaio
30.1%
César Sampaio
30.1%
César Sampaio
30.1%
Edu
29.5%
Ganso
28.9%
Edmundo
28%
Vágner Love
24.9%
Doni
24.9%
Michel Bastos
24.3%
Leandro Damião
23.2%
Vampeta
22.3%
Vampeta
22.3%
Vampeta
22.3%
Cris
22%
Jorginho
21.7%
Flávio Conceição
21.1%
Flávio Conceição
21.1%
Flávio Conceição
21.1%
Flávio Conceição
21.1%
Giovanni
20.6%
Renato
18.8%
Zinho
18.8%
Edilson
18.7%
Elias
17.4%
André Cruz
16.8%
André Cruz
16.8%
Sávio
15.5%
Zé Maria
15.4%
Josué
13.8%
Túlio Maravilha
12.4%
Gonçalves
12.3%
Gonçalves
12.3%
Mineiro
11.4%
Rômulo
9.1%
Odvan
8.7%
França
8.7%
Amaral
8.2%
Paulo Jamelli
5.9%

You're not logged in!

Compare scores with friends on all Sporcle quizzes.
Join for Free
OR
Log In

You Might Also Like...

Show Comments

Extras

Top Quizzes Today


Score Distribution

Your Account Isn't Verified!

In order to create a playlist on Sporcle, you need to verify the email address you used during registration. Go to your Sporcle Settings to finish the process.

Report this User

Report this user for behavior that violates our Community Guidelines.

Details: